| 000 | 00452nam a22001577a 4500 | ||
|---|---|---|---|
| 005 | 20260219030751.0 | ||
| 008 | 260219b |||||||| |||| 00| 0 eng d | ||
| 020 | _a9719307595 | ||
| 040 | _cjhcsc | ||
| 082 | _21 | ||
| 100 |
_910170 _aAntonio M. Andes Sr. _eAuthor |
||
| 245 |
_aSimple Internet _bFully Illustrated _cAntonio M. Andes Sr. |
||
| 260 |
_a Bitano, Legazpi City _bConvergeLink Books Corp. _c2006 |
||
| 300 |
_a213p _bill. |
||
| 942 |
_2ddc _cBOOK |
||
| 999 |
_c11358 _d11358 |
||